Odpowiedź zaczyna się na "D" - Statystyki

Ogólne statystyki
  • Ten quiz został rozwiązany 43 919 razy
    42 020 od ostatniego zresetowania
  • Średni wynik to 15 z 25
Statystyki odpowiedzi
Pytanie Odpowiedź % Poprawnych
Stolicą którego kraju jest Kopenhaga? Dania
99%
Jakiego rodzaju jest ponad 600 letnie drzewo o imieniu "Bartek"? Dąb
94%
Jaką nazwę nosi przypadek deklinacji odpowiadający na pytania "kogo?" i "czego?"? Dopełniacz
90%
Jaką nazwę nosi druga najdłuższa rzeka w Europie? (2850 km) Dunaj
90%
Jak miał na imię król Izraela, który wg Biblii pokonał Goliata? Dawid
85%
Jak na nazwisko miał angielski przyrodnik, twórca teorii ewolucji? Darwin
84%
Jak można określić dwóch wokalistów lub instrumentalistów wykonujących razem utwór muzyczny? Duet
84%
Jak nazywa się państwa (oraz wyspa), którego nazwa brzmi jak żeńskie imię? Dominika
81%
Jak określa się obszar leżący poniżej poziomu morza? Depresja
78%
Jak nazywają się dzikie psy z Australii? Dingo Australijski
65%
Jak ogólnie określa się muzykę popularną do tańca, która największy rozwój miała w latach 70'tych? Disco
65%
Które miasto jest stolicą Syrii? Damaszek
64%
Jak nazywa się dział mechaniki zajmujący się ruchem ciał materialnych pod działaniem sił? Dynamika
62%
Które państwo graniczy z Haiti? Dominikana
61%
Jak nazywa się ludowy instrument dęty, składający się z mieszka skórzanego i dwóch piszczałek? Dudy
61%
Jak ma na imię wampir wykreowany przez pisarza Bram'a Stoker'a? Dracula
59%
Jak inaczej nazywa się tkanina "denim"? Dżins
59%
Jak potocznie określa się prądnice rowerowe napędzane przez obracające się koło rowerowe? Dynamo Rowerowe
55%
Jak określa się formę sprawowania absolutnej i nieograniczonej władzy przez jedną osobę lub grupę osób, mającą poparcie wojska i policji? Dyktatura
54%
Które miasto jest stolicą Saksonii? Drezno
41%
Jak nazywała się jednostka monetarna Grecji, dziś zastąpiona przez Euro? Drachma
21%
Pod jakim pseudonimem tworzył brytyjski muzyk David Robert Jones? David Bowie
20%
Jaką nazwę nosi stolica Tadżykistanu? Duszanbe
20%
Jak określa się obniżenie wartości waluty danego kraju w stosunku do złota lub walut zagranicznych? Dewaluacja
19%
Jaką nazwę nosi technika graficzna polegająca na wycięciu rysunku w drewnianym klocku, pokryciu farbą i odbiciu na papierze? Drzeworyt
14%
Nie znaleziono quizów pasujących do podanych kryteriów
Rozkład punktacji
Procent ludzi z każdym wynikiem
Percentyl według liczby udzielonych odpowiedzi
Twoja historia wyników
Nie rozwiązałeś tego quizu od ostatniego zresetowania